রবীন্দ্রনাথ : জীবনে মৃত্যের ছায়া /

Bibliographic Details
Main Author: অঞ্জন আচার্য
Format: Book
Language:Bengali
Published: ঢাকা : মূর্ধণ্য, ২০১১
Series:রবীন্দ্র-স্মারক গ্রন্থমালা
Subjects:
Classic Catalogue: View this record in Classic Catalogue
LEADER 01211nam a22002537a 4500
001 AAL8497
003 BD-DhAAL
005 20190402103900.0
008 160401s 2011bg ||||| |||| 00| 0 ben d
999 |c 37313  |d 37313 
020 |a 9789845041515 
040 |a BD-DhAAL  |c BD-DhAAL 
082 |a 891.4414 
100 |a অঞ্জন আচার্য  |9 18903 
245 |a রবীন্দ্রনাথ :  |b জীবনে মৃত্যের ছায়া /  |c অঞ্জন আচার্য 
260 |a ঢাকা :  |b মূর্ধণ্য,  |c ২০১১ 
300 |a ৮০ পৃ. ;  |c ২১ সে.মি. 
490 |a রবীন্দ্র-স্মারক গ্রন্থমালা 
541 |e 8497 
600 |a Tagore, Rabindranath,   |d 1861-1941.  |9 18830 
852 |a Savar Campus Library  |c General Shelf 
942 |2 ddc  |c BK 
952 |0 0  |1 0  |2 ddc  |4 0  |6 891_000000000000000__4414_ANJ  |7 0  |9 58632  |a SCL  |b SCL  |c GEN  |d 2016-04-01  |e Gift: BLC, Savar  |g 120.00  |l 0  |o 891.4414 ANJ  |p 3020008497  |r 2016-04-01  |t 1  |w 2016-04-01  |y BK 
952 |0 0  |1 0  |2 ddc  |4 0  |6 891_000000000000000__4414_ANJ  |7 0  |9 62970  |a SCL  |b SCL  |c GEN  |d 2018-03-20  |e Gift: BLC, Savar  |g 120.00  |l 0  |o 891.4414 ANJ  |p 3020009529  |r 2018-03-20  |t 2  |w 2018-03-20  |y BK